书目信息 |
| 题名: |
模具零件普通机床加工
|
|
| 作者: | 王美珍 主编 | |
| 分册: | ||
| 出版信息: | 北京 中国劳动社会保障出版社 2021.08 |
|
| 页数: | 175页 | |
| 开本: | 29cm | |
| 丛书名: | 对接世界技能大赛技术标准创新系列教材 | |
| 单 册: | ||
| 中图分类: | TG760.6 | |
| 科图分类: | ||
| 主题词: | 模具--mu ju--数控机床--加工--技工学校--教材 | |
| 电子资源: | ||
| ISBN: | 978-7-5167-3673-9 | |
| 000 | 01287nam 2200277 450 | |
| 001 | 28745 | |
| 005 | 20221011084429.67 | |
| 010 | @a978-7-5167-3673-9@dCNY32.00 | |
| 100 | @a20211207d2021 em y0chiy50 ea | |
| 101 | 0 | @achi |
| 102 | @aCN@b110000 | |
| 105 | @aak z 000yy | |
| 200 | 1 | @a模具零件普通机床加工@Amo ju ling jian pu tong ji chuang jia gong@f王美珍主编@Fwang mei zhen zhu bian |
| 210 | @a北京@c中国劳动社会保障出版社@d2021.08 | |
| 215 | @a175页@c图@d29cm | |
| 225 | 2 | @a对接世界技能大赛技术标准创新系列教材@Adui jie shi jie ji neng da sai ji shu biao zhun chuang xin xi lie jiao cai |
| 225 | 2 | @a技工院校一体化课程教学改革模具制造专业教材@Aji gong yuan xiao yi ti hua ke cheng jiao xue gai ge mu ju zhi zao zhuan ye jiao cai |
| 314 | @a书内题: 王美珍主编 | |
| 330 | @a本书分七个学习任务, 主要内容包括拉杆的加工、导滑块的加工、限位块的加工、型腔拼块的加工、底座的加工、滑块的加工和侧向分型抽芯机构的装配。 | |
| 410 | 0 | @12001 @a对接世界技能大赛技术标准创新系列教材 |
| 410 | 0 | @12001 @a技工院校一体化课程教学改革模具制造专业教材 |
| 606 | 0 | @a模具@Amu ju@x数控机床@x加工@x技工学校@j教材 |
| 690 | @aTG760.6@v5 | |
| 701 | 0 | @a王美珍@Awang mei zhen@4主编@4主编@a王美珍@Awang mei zhen@4主编 |
| 801 | 0 | @aCN@c20220910 |
| 905 | @a河南城建学院图书馆@dTG760.6@eW270@f2 | |
| 模具零件普通机床加工/王美珍主编.-北京:中国劳动社会保障出版社,2021.08 |
| 175页:图;29cm.-(对接世界技能大赛技术标准创新系列教材).-(技工院校一体化课程教学改革模具制造专业教材) |
| ISBN 978-7-5167-3673-9:CNY32.00 |
| 本书分七个学习任务, 主要内容包括拉杆的加工、导滑块的加工、限位块的加工、型腔拼块的加工、底座的加工、滑块的加工和侧向分型抽芯机构的装配。 |
| ● |
| 相关链接 |
|
|
|
正题名:模具零件普通机床加工
索取号:TG760.6/W270
 
预约/预借
| 序号 | 登录号 | 条形码 | 馆藏地/架位号 | 状态 | 备注 |
| 1 | 1581864 | 215818649 | 自科库501/501自科库 29排4列4层/ [索取号:TG760.6/W270] | 在馆 | |
| 2 | 1581865 | 215818658 | 自科库501/501自科库 29排4列4层/ [索取号:TG760.6/W270] | 在馆 |